000 00316nam a2200109Ia 4500
008 171211s9999 xx 000 0 und d
245 2 _aA Dictionary for the Modern Pianist
245 _cStephen Siek
260 _c2016
650 _xEncyclopedia and Dictionary
856 _uhttp://down.ebook777.com/064/0810888793.pdf
999 _c350150
_d350150